Statistics for Largest Subdivision by Country

Click here to take the quiz!

General Stats

  • This quiz has been taken 23 times
  • The average score is 38 of 194

Answer Stats

CountriesSubdivisions% Correct
BrazilAmazonas
76%
CanadaQuebec
76%
AustraliaWestern Australia
76%
United StatesAlaska
71%
GermanyBavaria
71%
United KingdomEngland
65%
United Arab EmiratesAbu Dhabi
59%
BelgiumWallonia
59%
ChinaXinjiang
59%
JapanHokkaido
53%
IndiaRajasthan
53%
RussiaSakha
53%
ItalySicily
53%
Antigua and BarbudaBarbuda
47%
ArgentinaBuenos Aires
47%
BangladeshChittagong
47%
FinlandLapland
47%
AustriaLower Austria
41%
MonacoMonte Carlo
41%
South AfricaNorthern Cape
41%
MalaysiaSarawak
41%
AlgeriaTamanrasset
41%
NigerAgadez
35%
PakistanBalochistan
35%
CzechiaCentral Bohemia
35%
MexicoChihuahua
35%
IrelandCork
35%
DenmarkGreenland
35%
NetherlandsNetherlands
35%
EgyptNew Valley
35%
EthiopiaOromia
35%
KosovoPristina
35%
Saint Kitts and NevisSaint Kitts
35%
BoliviaSanta Cruz
35%
IsraelSouthern
35%
SpainCastile and León
29%
BelarusGomel
29%
ComorosGrande Comore
29%
SwitzerlandGrisons
29%
UzbekistanKarakalpakstan
29%
PolandMasovia
29%
New ZealandNew Zealand
29%
CyprusNicosia
29%
FranceNouvelle-Aquitaine
29%
EstoniaPärnu
29%
MyanmarShan
29%
ColombiaAmazonas
24%
SlovakiaBanská Bystrica
24%
Cape VerdeBoa Vista
24%
VenezuelaBolívar
24%
CubaCamagüey
24%
AndorraCanillo
24%
IndonesiaCentral Kalimantan
24%
LuxembourgClervaux
24%
CameroonEast
24%
Bosnia and HerzegovinaFederation of Bosnia and Herzegovina
24%
KazakhstanKaragandy
24%
IranKerman
24%
TurkeyKonya
24%
SomaliaPuntland
24%
LithuaniaVilnius
24%
PortugalBeja
18%
BruneiBelait
18%
ChadBorkou
18%
BulgariaBurgas
18%
BotswanaCentral
18%
ThailandChiang Mai
18%
Saudi ArabiaEastern Province
18%
South KoreaGangwon
18%
SyriaHoms
18%
PeruLoreto
18%
JordanMa'an
18%
ChileMagallanes
18%
LesothoMaseru
18%
MauritiusMauritius
18%
UkraineOdesa
18%
Federated States of MicronesiaPohnpei
18%
Dominican RepublicSan Juan
18%
GhanaSavannah
18%
San MarinoSerravalle
18%
BahrainSouthern
18%
SingaporeSouth West
18%
ZambiaWestern
18%
FijiWestern
18%
IraqAl-Anbar
12%
BeninAlibori
12%
HaitiArtibonite
12%
LebanonBaalbek-Hermel
12%
HungaryBács-Kiskun
12%
TurkmenistanBalkan
12%
AlbaniaBerat
12%
ParaguayBoquerón
12%
BelizeCayo
12%
GambiaCentral River
12%
Equatorial GuineaCentro Sur
12%
DjiboutiDikhil
12%
RwandaEastern
12%
Burkina FasoEst
12%
Guinea-BissauGabu
12%
EritreaGash-Barka
12%
ArmeniaGegharkunik
12%
TajikistanGorno-Badakhshan
12%
YemenHadramaut
12%
Central African RepublicHaute-Kotto
12%
AfghanistanHelmand
12%
TaiwanHualien
12%
KuwaitJahra
12%
GeorgiaKakheti
12%
AzerbaijanKalbajar
12%
GuineaKankan
12%
LibyaKufra
12%
CroatiaLika-Senj
12%
EswatiniLubombo
12%
GreeceMacedonia and Thrace
12%
ZimbabweMatabeleland North
12%
CambodiaMondulkiri
12%
AngolaMoxico
12%
KyrgyzstanNaryn
12%
MozambiqueNiassa
12%
NigeriaNiger
12%
MontenegroNikšić
12%
LiberiaNimba
12%
SwedenNorbotten
12%
BahamasNorth Andros
12%
NicaraguaNorth Caribbean Coast
12%
Sri LankaNorth Central
12%
SudanNorthern
12%
Sierra LeoneNorthern
12%
MaltaNorthern
12%
GabonOgooué-Ivindo
12%
HondurasOlancho
12%
SeychellesOuter Islands
12%
EcuadorPastaza
12%
GuatemalaPetén
12%
Costa RicaPuntarenas
12%
BurundiRuyigi
12%
DominicaSaint Andrew
12%
GrenadaSaint Andrew
12%
JamaicaSaint Ann
12%
LaosSavannakhét
12%
BarbadosSt. Philip
12%
UruguayTacuarembó
12%
TunisiaTataouine
12%
LiechtensteinTriesenberg
12%
Democratic Republic of the CongoTshopo
12%
KenyaTurkana
12%
GuyanaUpper Takutu-Upper Essequibo
12%
El SalvadorUsulután
12%
BhutanWangdue Phodrang
12%
Solomon IslandsWestern
12%
Papua New GuineaWestern
12%
QatarAl-Shahaniya
6%
NauruAnabar
6%
MadagascarAtsimo-Andrefana
6%
Ivory CoastBounkani
6%
MoldovaCahul
6%
São Tomé and PríncipeCaué
6%
Saint Vincent and the GrenadinesCharlotte
6%
MoroccoDakhla-Oued Ed-Dahab
6%
PanamaDarién
6%
OmanDhofar
6%
MaldivesHahdhunmathi
6%
UgandaKaabong
6%
NamibiaǁKaras
6%
NepalKarnali
6%
SloveniaKočevje
6%
Marshall IslandsKwajalein
6%
Republic of the CongoLikouala
6%
LatviaMadona
6%
VanuatuMalampa
6%
Saint LuciaMicoud
6%
IcelandMúlaþing
6%
MalawiMzimba
6%
PalauNgeremlengui
6%
VietnamNghệ An
6%
North KoreaNorth Hamgyong
6%
MongoliaÖmnögovi
6%
SamoaPalauli
6%
TogoPlateaux
6%
North MacedoniaPrilep
6%
Trinidad and TobagoSangre Grande
6%
SurinameSipaliwini
6%
PhilippinesSouthwestern Tagalog
6%
TanzaniaTabora
6%
SenegalTambacounda
6%
MaliTaoudénit
6%
RomaniaTimiș
6%
MauritaniaTiris Zemmour
6%
TongaTongatapu
6%
NorwayTroms og Finnmark
6%
TuvaluVaitupu
6%
East TimorViqueque
6%
South SudanWestern Bahr el Ghazal
6%
SerbiaZlatibor
6%

Score Distribution

Percentile by Number Answered

Percent of People with Each Score

Your Score History

You have not taken this quiz